| 000 | 00997nam0a2200301 4500 | ||
|---|---|---|---|
| 001 | RU\NLR\BIBL_A\012141027 | ||
| 005 | 20191204153613.0 | ||
| 010 |
_a978-5-00067-076-7 _91000 |
||
| 021 |
_aRU _bКН-П-19-077350 _9КН-П-19-5594 |
||
| 035 | _a(NLR Aleph) 012141027 | ||
| 035 | _a(RuMoRGB)010120252 | ||
| 090 |
_a12096552 _c12096552 |
||
| 100 | _a20191115d2019 u y0rusy50 ca | ||
| 101 | 0 | _arus | |
| 102 | _aRU | ||
| 105 | _aa|||z|||000ay | ||
| 200 | 1 |
_aПропасть длиною в жизнь _e[роман] _fЯна Каменская _g[иллюстрции: Я. Каменская] |
|
| 210 |
_aСанкт-Петербург _cРусская коллекция _d2019 |
||
| 215 |
_a270, [1] с. _d22 |
||
| 686 | 2 | _aШ6(2=Р)8-440.4 | |
| 700 | 1 |
_aКаменская _bЯ. _gЯна |
|
| 702 | 1 |
_aКаменская _bЯ. _gЯна _4440 |
|
| 942 | _cBOOK | ||
| 980 | _aNBR | ||
| 980 | _aNB | ||